Reglament del Cos de Seguretat de la Diputació de Barcelona
Descripción Física:
[15] f. ; 15 cm
MARC
| LEADER | 00000nam a2200000Ia 4500 | ||
|---|---|---|---|
| 001 | 13721 | ||
| 008 | 160829s1990 xx 000 0 cat d | ||
| 080 | |a FU-45-29 | ||
| 110 | 1 | |a Barcelona (Catalunya : Província). |b Diputació |9 52408 | |
| 245 | |a Reglament del Cos de Seguretat de la Diputació de Barcelona | ||
| 260 | |a Barcelona : |b Diputació de Barcelona, |c 1990 | ||
| 300 | |a [15] f. ; |c 15 cm | ||
| 650 | |a Barcelona. Diputació. Cos de Seguretat |x Reglaments i procediment |9 39310 | ||
| 901 | |a Arxiu | ||
| 942 | |n 1 | ||
| 952 | |0 0 |1 0 |4 0 |6 FU4529 |7 1 |9 48932 |a Arxiu |b Arxiu |d 2016-12-01 |l 0 |o FU-45-29 |p 13721 |r 2016-12-01 00:00:00 |w 2016-12-01 |y ARXIU | ||
| 999 | |c 52767 |d 52767 | ||